ბათუმის შოთა რუსთაველის სახელმწიფო უნივერსიტეტის ბიბლიოთეკა

სამელიორაციო სისტემების ექსპლუატაცია. (ბიბ.ჩანაწერი № 44401)

000 -LEADER
fixed length control field 00792nam a2200217Ia 4500
001 - CONTROL NUMBER
control field 11166
003 - CONTROL NUMBER IDENTIFIER
control field GE_BSU
008 - FIXED-LENGTH DATA ELEMENTS--GENERAL INFORMATION
fixed length control field 181216s||||||||xx |||||||||||||| ||und||
040 ## - CATALOGING SOURCE
Transcribing agency GE_BSU
080 ## - UNIVERSAL DECIMAL CLASSIFICATION NUMBER
Universal Decimal Classification number 626.8(075.32)
100 ## - MAIN ENTRY--PERSONAL NAME
Personal name ნაკაიძე,ვ
245 ## - TITLE STATEMENT
Title სამელიორაციო სისტემების ექსპლუატაცია.
245 ## - TITLE STATEMENT
Remainder of title სახელმძღვ.სოფლის მეურნეობის საშუალო სპეც.სასწავლებლებისათვის.
245 ## - TITLE STATEMENT
Statement of responsibility, etc. რედ:ლ.მესხი.
260 ## - PUBLICATION, DISTRIBUTION, ETC.
Place of publication, distribution, etc. თბილისი.
260 ## - PUBLICATION, DISTRIBUTION, ETC.
Name of publisher, distributor, etc. განათლება.
260 ## - PUBLICATION, DISTRIBUTION, ETC.
Date of publication, distribution, etc. 1985.
300 ## - PHYSICAL DESCRIPTION
Extent 383გვ;22სმ.
300 ## - PHYSICAL DESCRIPTION
Accompanying material ილ;ცხრ.
942 ## - ADDED ENTRY ELEMENTS (KOHA)
Koha item type წიგნი
ეგზემპლარები
Withdrawn status Lost status Damaged status Not for loan Date acquired Barcode Date last seen Price effective from Koha item type
        2018-12-17 19196 2018-12-17 2018-12-17 წიგნი